Think and Grow Rich (Record no. 12765)
[ view plain ]
| 000 -LEADER | |
|---|---|
| fixed length control field | 00270nam a22000977a 4500 |
| 008 - FIXED-LENGTH DATA ELEMENTS--GENERAL INFORMATION | |
| fixed length control field | 250708b |||||||| |||| 00| 0 eng d |
| 020 ## - INTERNATIONAL STANDARD BOOK NUMBER | |
| International Standard Book Number | 9789381438725 |
| 100 ## - MAIN ENTRY--PERSONAL NAME | |
| Personal name | Hill Napoleon |
| 9 (RLIN) | 7560 |
| 245 ## - TITLE STATEMENT | |
| Title | Think and Grow Rich |
| 260 ## - PUBLICATION, DISTRIBUTION, ETC. (IMPRINT) | |
| Place of publication, distribution, etc. | New Delhi |
| Name of publisher, distributor, etc. | Little Scholar Pvt Limited |
| Date of publication, distribution, etc. | 2022 |
| Withdrawn status | Lost status | Source of classification or shelving scheme | Damaged status | Koha normalized classification for sorting | Not for loan | Home library | Current library | Shelving location | Date acquired | Total Checkouts | Total Renewals | Full call number | Barcode | Date last seen | Date last checked out | Price effective from | Koha item type |
|---|---|---|---|---|---|---|---|---|---|---|---|---|---|---|---|---|---|
| Dewey Decimal Classification | HIL_150_000000000000000 | Good Samaritan School Library | Good Samaritan School Library | PSYCHOLOGY | 07/08/2025 | 1 | 1 | HIL150 | HIL18050 | 12/12/2025 | 11/26/2025 | 07/08/2025 | BOOK |